Fransızcadan Türkçeye Geçen Kelimeler - Statistics

General Stats
  • This quiz has been taken 36 times
  • The average score is 9 of 10
Answer Stats
Türkçede anlamı Kelime % Correct
Tarihi, kültürel veya sanatsal eserlerin sergilendiği ve korunduğu yer. Müze
100%
Genellikle mizahi veya eleştirel amaçla çizilmiş, abartılı ve komik resim veya çizim. Karikatür
97%
Canlı müzik veya performans gösterisinin yapıldığı etkinlik. Konser
97%
Sesli veya veri iletişimi yapmak için kullanılan elektronik iletişim aracı. Telefon
97%
Canlılarda kemiklerden oluşan vücut yapısı. İskelet
91%
Yük taşımak için kullanılan büyük motorlu araç. Kamyon
88%
Yolcu taşımak için kullanılan küçük motorlu araç, genellikle ücret karşılığı hizmet verir. Taksi
88%
Görüntü ve ses iletimi yaparak programların izlendiği elektronik cihaz. Televizyon
85%
İnsan veya yük taşımak için binalarda kullanılan dikey hareket eden mekanik araç. Asansör
82%
Küçük, genellikle camdan yapılmış oyun topu. Misket
55%
No matching quizzes found
Score Distribution
Percent of People with Each Score
Percentile by Number Answered
Your Score History
You have not taken this quiz